La Princesse de Cleves
Guardado en:
| Hovedforfatter: | |
|---|---|
| Format: | Bog |
| Sprog: | Undetermined |
| Udgivet: |
París, Francia
Clasiques Larousse
[s.f.]
|
| Fag: | |
| Tags: |
Tilføj Tag
Ingen Tags, Vær først til at tagge denne postø!
|
MARC
| LEADER | 00000nam a2200000Ia 4500 | ||
|---|---|---|---|
| 008 | 170316s9999 xx 000 0 und d | ||
| 040 | |a cru BVZT | ||
| 090 | |a 840 F-2p | ||
| 100 | |a Fayette, Madame de la | ||
| 245 | |a La Princesse de Cleves | ||
| 260 | |a París, Francia | ||
| 260 | |b Clasiques Larousse | ||
| 260 | |c [s.f.] | ||
| 300 | |a 113 páginas | ||
| 650 | |a LITERATURA FRANCESA | ||
| 942 | 0 | 0 | |0 1 |
| 999 | |c 7668 |d 7668 | ||
